2025 MotoGP Winners - Statistics

General Stats
  • This quiz has been taken 16 times
  • The average score is 20 of 22
Answer Stats
Hint Answer % Correct
SpanishGP Alex Marquez
100%
CatalanGP Alex Marquez
100%
MalaysianGP Alex Marquez
100%
ThaiGP Marc Marquez
100%
ArgentinaGP Marc Marquez
100%
QatarGP Marc Marquez
100%
AragonGP Marc Marquez
100%
ItalianGP Marc Marquez
100%
DutchGP Marc Marquez
100%
GermanGP Marc Marquez
100%
CzechGP Marc Marquez
100%
AustrianGP Marc Marquez
100%
HungarianGP Marc Marquez
100%
MisanoGP Marc Marquez
100%
USGP Francesco Bagnaia
92%
JapaneseGP Francesco Bagnaia
92%
FrenchGP Johann Zarco
77%
AustralianGP Raul Fernandez
77%
IndonesianGP Fermin Aldeguer
69%
BritishGP Marco Bezzecchi
62%
PortugueseGP Marco Bezzecchi
62%
ValencianGP Marco Bezzecchi
62%
No matching quizzes found
Score Distribution
Percent of People with Each Score
Percentile by Number Answered
Your Score History
You have not taken this quiz